00591nam a22001577a 450008200140000010000170001424500590003126000480009030000070013865000310014565000160017694200080019295201090020095201090030999900150041800a234.1 CHE aCherian, N M aGrace of God in Paul and Islam, Unpublished B D Thesis aJabalpurbLeonard Theological Collegec1963 a46 aComparative Religion-Grace aGrace-Islam cRRB 00104070aHMIbHMId2017-03-29eCherian, N Mg100.00l0o234.1 CHEp5740r0000-00-00w2026-01-16yRRB 00104070aHMIbHMId2017-03-29eCherian, N Mg100.00l0o234.1 CHEp6230r0000-00-00w2026-01-16yRRB c3890d3890